Evangeline Lilly Filmography - Statistics

General Stats
  • This quiz has been taken 21 times
    5 since last reset
  • The average score is 9 of 38
Answer Stats
Type Year Name % Correct
Film 2015 Ant-Man
100%
Film 2018 Ant-Man and the Wasp
100%
TV Show 2004-2010 Lost
100%
Film 2023 Ant-Man and the Wasp: Quantumania
75%
Film 2019 Avengers: Endgame
75%
Film 2014 The Hobbit: The Battle of the Five Armies
75%
Film 2013 The Hobbit: The Desolation of Smaug
75%
Web Series 2021 What If...?
75%
Film 2008 The Hurt Locker
50%
Film 2003 Freddy vs. Jason
25%
Film 2011 Real Steel
25%
Film 2021 South of Heaven
25%
Film 2003 The Lizzie McGuire Movie
25%
Film 2004 White Chicks
25%
Film 2008 Afterwards
0%
Theme Park Attraction 2019 Ant-Man and The Wasp: Nano Battle!
0%
Video Game 2019 Avengers: Damage Control
0%
Short Film 2022 Avengers: Quantum Encounter
0%
Video Game 2018 Call of Duty: Black Ops 4
0%
TV Special 2019 Celebrating Marvel's Stan Lee
0%
Commercial 2008 Cool Water by Davidoff
0%
Film 2021 Crisis
0%
Film 2020 Dreamland
0%
Documentary 2024 Getting Lost
0%
Commercial 2018 Hyundai Veloster
0%
TV Show 2004 Kingdom Hospital
0%
Film 2017 Little Evil
0%
Commercial 2002-2004 Live Links
0%
Commercial 2009-2010 L'Oréal
0%
TV Documentary 2010 Lost: The Final Journey
0%
Documentary Series 2023 Marvel Studios: Assembled
0%
Commercial 2002 Milk
0%
TV Show 2007 Punk'd
0%
TV Show 2002, 2003, 2004 Smallville
0%
Film 2003 Stealing Sinatra
0%
Film 2005 The Long Weekend
0%
TV Show 2006 Total Request Live
0%
TV Show 2003 Tru Calling
0%
No matching quizzes found
Score Distribution
Percent of People with Each Score
Percentile by Number Answered
Your Score History
You have not taken this quiz since the last reset